Logo BPK

Biblioteka

Politechniki Koszalińskiej

Oczyszczanie gazów odlotowych w pozornych skruberach natryskowych / (Rekord nr 52676)

Szczegóły MARC
000 -ETYKIETA REKORDU
podpole kontrolne o stałej długości 00998nam a2200253 i 4500
001 - NUMER KONTROLNY REKORDU
pole kontrolne bg
015 ## - NUMER BIBLIOGRAFII NARODOWEJ
Numer bibliografii narodowej PB 5629/2006
040 ## - ŹRÓDŁO KATALOGOWANIA
Instytucja, która utworzyła rekord BPK
041 0# - KOD JĘZYKA
Kod języka tekstu pol
Kod języka streszczenia lub abstraktu eng
080 ## - UNIWERSALNA KLASYFIKACJA DZIESIĘTNA - UKD
UKD 628.5
008 - POLE O STAŁEJ DŁUGOŚCI - DANE KONTROLNE
podpole kontrolne o stałej długości s pl f |000 0 pol
100 1# - NAZWA OSOBOWA
Nazwa osobowa GŁOMBA, Michał
245 10 - TYTUŁ/ODPOWIEDZIALNOŚĆ
Tytuł Oczyszczanie gazów odlotowych w pozornych skruberach natryskowych /
Pozostałe elementy strefy tytułu i oznaczenia odpowiedzialności Michał Głomba.
260 ## - STREFA ADRESU WYDAWNICZEGO
Miejsce wydania Wrocław :
Nazwa wydawcy/dystrybutora Oficyna Wydawnicza Politechniki Wrocławskiej,
Data publikacji, dystrybucji/powstania dokumentu 2005.
300 ## - STREFA OPISU FIZYCZNEGO
Objętość 207, [1] s. :
Inne cechy fizyczne il. ;
Rozmiary 24 cm.
490 1# - STREFA SERII I DOKUMENTU WIELOCZĘŚCIOWEGO - FORMA NIE DO WYSZUKIWANIA
Tytuł i oznaczenie odpowiedzialności serii Prace Naukowe Instytutu Inżynierii Ochrony Środowiska Politechniki Wrocławskiej.. Monografie,
ISSN 0084-2869 ;
Numeracja w obrębie serii 45
500 ## - UWAGI OGÓLNE
Tekst uwagi Streszcz. ang.
500 ## - UWAGI OGÓLNE
Tekst uwagi Tyt. równol.: Flue gas cleaning in horizontal spray scrubbers. Nr serii gł.: nr 78.
504 ## - UWAGA DOTYCZĄCA BIBLIOGRAFII
Informacje o bibliografii Bibliogr. s. 198-207.
650 #9 - HASŁO PRZEDMIOTOWE W FORMIE NAZWY OGÓLNEJ LUB JEDNOSTKOWEJ
Nazwa ogólna lub geograficzna Gazy odlotowe
Określnik ogólny unieszkodliwianie
-- metody
650 #9 - HASŁO PRZEDMIOTOWE W FORMIE NAZWY OGÓLNEJ LUB JEDNOSTKOWEJ
Nazwa ogólna lub geograficzna Odpylacze
830 #0 - HASŁO DODATKOWE SERII LUB DOKUMENTU WIELOCZĘŚCIOWEGO - TYTUŁ UJEDNOLICONY
Tytuł ujednolicony Prace Naukowe Instytutu Inżynierii Ochrony Środowiska Politechniki Wrocławskiej..
Nazwa części/sekcji dzieła Monografie
856 ## - LOKALIZACJA I DOSTĘP DO ELEKTRONICZNYCH DOKUMENTÓW ZDALNYCH
Link (URL) http://koha.tu.koszalin.pl/cgi-bin/koha/opac-detail.pl?biblionumber=52676
Tekst linku Katalog online BPK
942 ## - DODATKOWE ELEMENTY (KOHA)
Typ dokumentu Książka
Egzemplarze
Wycofany Status egzemplarza Uszkodzony Dostępność Lokalizacja stała Lokalizacja bieżąca Miejsce przechowywania Sygnatura Kod kreskowy Dział Typ dokumentu
      Tylko na miejscu Biblioteka Politechniki Koszalińskiej Biblioteka Politechniki Koszalińskiej Czytelnia BG 81473 02345031 628.5 Ochrona sanitarna w przemyśle Książka
© 2023 Biblioteka Politechniki Koszalińskiej :: KOHA